Catálogo
 En Linea

Enero de 1962 : (Registro nro. 44783)

Detalles MARC
000 -CABECERA
campo de control de longitud fija 01616nam a2200325 a 4500
001 - NÚMERO DE CONTROL
campo de control 000045294
003 - IDENTIFICADOR DEL NÚMERO DE CONTROL
campo de control DO-SdBNP
005 - FECHA Y HORA DE LA ÚLTIMA TRANSACCIÓN
campo de control 20250129073605.0
007 - CAMPO FIJO DE DESCRIPCIÓN FÍSICA--INFORMACIÓN GENERAL
campo de control de longitud fija ta
008 - DATOS DE LONGITUD FIJA--INFORMACIÓN GENERAL
campo de control de longitud fija 150225e19621991dr abc gr 001 edspa d
040 ## - FUENTE DE LA CATALOGACIÓN
Centro catalogador/agencia de origen DO-SdBNP
Lengua de catalogación spa
Centro/agencia transcriptor BNPHU
082 #4 - NÚMERO DE LA CLASIFICACIÓN DECIMAL DEWEY
Número de documento/Ítem G934e
Número de edición 22
100 ## - ENTRADA PRINCIPAL--NOMBRE DE PERSONA
Nombre de persona Guerrero, Miguel,
Fechas asociadas al nombre 1945-
9 (RLIN) 14303
245 10 - MENCIÓN DE TÍTULO
Título Enero de 1962 :
Resto del título ¡el despertar dominicano! /
Mención de responsabilidad, etc. Miguel Guerrero ; prólogo, Juan Daniel Balcácer.
250 ## - MENCIÓN DE EDICIÓN
Mención de edición 2da.
260 ## - PUBLICACIÓN, DISTRIBUCIÓN, ETC.
Lugar de publicación, distribución, etc. Santo Domingo :
Nombre del editor, distribuidor, etc. Mograf,
Fecha de publicación, distribución, etc. 1991
300 ## - DESCRIPCIÓN FÍSICA
Extensión 294 p. :
Otras características físicas il., mapas, ret. ;
Dimensiones 20 cm.
490 1# - MENCIÓN DE SERIE
Mención de serie Historia y cultura
500 ## - NOTA GENERAL
Nota general Incluye datos biográficos del autor en la solapa de la contracubierta.
504 ## - NOTA DE BIBLIOGRAFÍA, ETC.
Nota de bibliografía, etc. Bibliografía : p. 277-280
505 0# - NOTA DE CONTENIDO CON FORMATO
Nota de contenido con formato Una misión ingrata --
Título ¡Qué manera de iniciar un año! --
-- Se afianzan las libertades --
-- Ponen fin a las sanciones --
-- ¿Qué puede ser pero que un temblor de tierra? --
-- La matanza del Parque Independencia --
-- La ciudad arde por doquie --
-- La noche del primer golpe --
-- Una llamada nocturna --
-- Dos hombres solitarios --
-- La noche del segundo golpe --
-- El camino del exilio --
534 ## - NOTA SOBRE LA VERSIÓN ORIGINAL
Encabezamiento principal del original Enero de 1962 <br/>¡El despertar dominicano!
Mención de edición del original Miguel Guerrero.
Publicación, distribución, etc. del original Mograf, S. A., Taller Gráfico.
590 ## - NOTA LOCAL (RLIN)
Nota local Inventariado, 2018/BT
650 #4 - PUNTO DE ACCESO ADICIONAL DE MATERIA--TÉRMINO DE MATERIA
9 (RLIN) 53410
Término de materia o nombre geográfico como elemento de entrada Masacre
Subdivisión general Historia
Subdivisión cronológica Siglo XX
Subdivisión geográfica República Dominicana
650 #4 - PUNTO DE ACCESO ADICIONAL DE MATERIA--TÉRMINO DE MATERIA
9 (RLIN) 45268
Término de materia o nombre geográfico como elemento de entrada Violencia Política
Subdivisión general Historia
Subdivisión cronológica SIiglo XX
Subdivisión geográfica República Dominicana
651 #4 - PUNTO DE ACCESO ADICIONAL DE MATERIA--NOMBRE GEOGRÁFICO
9 (RLIN) 479
Nombre geográfico República Dominicana
Subdivisión de forma Historia- Masacre
Subdivisión general Política y Gobierno
Subdivisión cronológica 1961
700 12 - PUNTO DE ACCESO ADICIONAL--NOMBRE DE PERSONA
Nombre de persona Balcácer, Juan Daniel,
Fechas asociadas al nombre 1949-
Término indicativo de función/relación pról.
9 (RLIN) 6566
910 ## - DATOS DE OPCIÓN DEL USUARIO (OCLC)
Datos de opción del usuario MFeliz
942 ## - ELEMENTOS DE PUNTO DE ACCESO ADICIONAL (KOHA)
Fuente del sistema de clasificación o colocación Dewey Decimal Classification
Tipo de ítem Koha Libro
Existencias
Estado de retiro Estado de pérdida Fuente del sistema de clasificación o colocación Restricciones de uso No para préstamo Código de colección Localización permanente Ubicación/localización actual Ubicación en estantería Fecha de adquisición Fuente de adquisición Signatura topográfica completa Código de barras Fecha visto por última vez Precio válido a partir de Tipo de ítem Koha Número de copia Total de préstamos
    Dewey Decimal Classification Excluido de préstamo   Patrimonio Dominicano Biblioteca Nacional Pedro Henríquez Ureña Biblioteca Nacional Pedro Henríquez Ureña En catalogación 25.02.2015 Perteneció a la biblioteca personal del Dr. Guaroa Ginebra H. G934e 45294-10 25.06.2020 25.06.2020 Libro    
    Dewey Decimal Classification Excluido de préstamo   Patrimonio Dominicano Biblioteca Nacional Pedro Henríquez Ureña Biblioteca Nacional Pedro Henríquez Ureña En catalogación 08.10.2018   G934e 45294-20 25.06.2020 25.06.2020 Libro e. 2  
    Dewey Decimal Classification Excluido de préstamo   Patrimonio Dominicano Biblioteca Nacional Pedro Henríquez Ureña Biblioteca Nacional Pedro Henríquez Ureña En catalogación 25.02.2015   G934e 45295-10 25.06.2020 25.06.2020 Libro    
    Dewey Decimal Classification Excluido de préstamo   Patrimonio Dominicano Biblioteca Nacional Pedro Henríquez Ureña Biblioteca Nacional Pedro Henríquez Ureña En catalogación 25.02.2015   G934e 45295-20 25.06.2020 25.06.2020 Libro    
    Dewey Decimal Classification Préstamo en sala   Dominicana de Servicio Biblioteca Nacional Pedro Henríquez Ureña Biblioteca Nacional Pedro Henríquez Ureña En catalogación 02.12.2019 Donado por Felix Alberto Areas G934e 2023-0758 08.02.2023 08.02.2023 Libro e.5  

Con tecnología Koha